[Event "Tata Steel 2013 - B"]
[Site "Wijk aan Zee"]
[Date "25.01.2013"]
[Round "11B"]
[White "Naiditsch,A"]
[Black "Rapport,R"]
[Result "1-0"]
[WhiteElo "2708"]
[BlackElo "2621"]
[EventDate "2013.01.12"]

1. e4 e6 2. d4 d5 3. Nc3 Bb4 4. exd5 exd5 5. Bd3 c6 6. Nge2 Ne7 7. Ng3 O-O
8. O-O Nd7 9. Nce2 Bd6 10. Re1 Re8 11. h3 Nf8 12. Be3 Nfg6 13. Qd2 Be6 14.
Nh5 Nf5 15. Bxf5 Bxf5 16. Neg3 Bd7 17. Re2 f6 18. Rae1 Re7 19. Qd3 Qc7 20.
Bd2 Rae8 21. c4 Bxg3 22. Nxg3 Rxe2 23. Rxe2 Rxe2 24. Nxe2 Be6 25. c5 Qd7
26. f3 Bf5 27. Qa3 a6 28. g4 Qe7 29. Kf2 Bc8 30. Bf4 f5 31. Qe3 Kf7 32.
Qxe7+ Kxe7 33. g5 Kf7 34. Kg3 Nf8 35. h4 Ne6 36. h5 Bd7 37. Kh4 g6 38. h6
Ke7 39. Bd6+ Kd8 40. f4 Be8 41. Kg3 Kd7 42. Be5 Kc8 43. Nc3 Nf8 44. Na4 Nd7
45. Bd6 Bf7 46. Kf3 Be8 47. Ke3 Bf7 48. Kd3 Be8 49. Kc3 Bf7 50. Kb4 Be8 51.
Ka5 Bf7 52. b3 Be8 53. Nb2 Bf7 54. Nd3 Be8 55. a4 Bf7 56. Nb4 Be8 57. Nxa6
bxa6 58. Kxa6 1-0

[Event "Tata Steel 2013 - B"]
[Site "Wijk aan Zee"]
[Date "25.01.2013"]
[Round "11B"]
[White "Turov,M"]
[Black "Van Kampen,R"]
[Result "1/2-1/2"]
[WhiteElo "2630"]
[BlackElo "2581"]
[EventDate "2013.01.12"]

1. c4 e5 2. Nc3 Nf6 3. e3 Nc6 4. Nf3 Bb4 5. Qc2 O-O 6. Nd5 Re8 7. a3 Bf8 8.
Bd3 g6 9. O-O Bg7 10. Nxf6+ Qxf6 11. Be4 Qd8 12. b4 Ne7 13. Qa2 c6 14. Bb2
d6 15. Bc2 Bg4 16. Ng5 h6 17. f3 Bc8 18. Ne4 d5 19. cxd5 cxd5 20. Nf2 Be6
21. Nd3 d4 22. Bb3 Bxb3 23. Qxb3 dxe3 24. dxe3 Qd5 25. Qxd5 1/2-1/2

[Event "Tata Steel 2013 - B"]
[Site "Wijk aan Zee"]
[Date "25.01.2013"]
[Round "11B"]
[White "Grandelius,N"]
[Black "Ernst,S"]
[Result "0-1"]
[WhiteElo "2572"]
[BlackElo "2556"]
[EventDate "2013.01.12"]

1. c4 Nf6 2. Nf3 e6 3. g3 d5 4. Bg2 Nc6 5. O-O d4 6. e3 e5 7. d3 Be7 8.
exd4 exd4 9. Na3 O-O 10. Bf4 Ne8 11. Re1 Bf6 12. Qd2 h6 13. h4 Bg4 14. Ne5
Bxe5 15. Bxe5 f6 16. Bd5+ Kh7 17. Bxc6 bxc6 18. Qf4 Qd7 19. Bxd4 g5 20.
hxg5 hxg5 21. Qe4+ Bf5 22. Qe7+ Rf7 23. Qxd7 Rxd7 24. Bc5 Ng7 25. Nc2 Ne6
26. Bb4 g4 27. Ne3 Kg6 28. f3 Ng5 29. fxg4 Bxd3 30. Kf2 Nh3+ 31. Kf3 Ng5+
32. Kf2 Nh3+ 33. Kf3 Be4+ 34. Ke2 Ng5 35. Nf5 Bf3+ 36. Kf2 Bxg4 37. Ne7+
Kf7 38. Nxc6 Rh8 39. Re7+ Rxe7 40. Nxe7 c5 41. Bxc5 Ne4+ 42. Ke3 Nxc5 43.
Nd5 Rh2 44. Rf1 f5 45. b4 Re2+ 46. Kd4 Na4 47. Rf4 Rd2+ 48. Ke5 Nb6 49. a4
Nxd5 50. cxd5 Ke7 51. Rc4 Re2+ 52. Kf4 Kd6 53. Rc6+ Kxd5 54. Ra6 Re4+ 55.
Kg5 Rxb4 56. Rxa7 Ke4 0-1

[Event "Tata Steel 2013 - B"]
[Site "Wijk aan Zee"]
[Date "26.01.2013"]
[Round "12"]
[White "Ernst,S"]
[Black "Ipatov,Alexander"]
[Result "1/2-1/2"]
[WhiteElo "2556"]
[BlackElo "2587"]
[EventDate "2013.01.12"]

1. c4 Nf6 2. Nf3 e6 3. g3 a6 4. Bg2 b5 5. Na3 Bxa3 6. bxa3 bxc4 7. Qa4 O-O
8. Qxc4 d5 9. Qc2 Nbd7 10. a4 c5 11. Ba3 Bb7 12. Rb1 Qc7 13. O-O Rfc8 14.
Rfc1 Rab8 15. d3 Ba8 16. Rxb8 Qxb8 17. Nd2 h5 18. e3 h4 19. a5 Qb5 20. Nb3
c4 21. dxc4 Rxc4 22. Qb2 Qb8 23. Bf1 hxg3 24. hxg3 Rxc1 25. Nxc1 Qxb2 26.
Bxb2 Bb7 27. f3 Ne8 28. Ba3 Ne5 29. Kf2 Nc4 30. Bb4 Nf6 31. Nb3 Nd7 32. e4
g5 33. Nd4 Nde5 34. exd5 Bxd5 35. Be2 f5 36. Nb3 g4 37. f4 Nd7 38. Nd2 Nxd2
39. Bxd2 Nc5 40. Ke3 Bb7 41. Kd4 Ne4 42. Be1 Kf7 43. Ke5 Ke7 44. Bd1 Bc6
45. Bc2 Kf7 46. Bb3 Bd7 47. Bc4 Bc8 48. a3 Ke7 49. Bd3 Bb7 50. Be2 Kf7 51.
Bd3 Ke7 52. Be2 1/2-1/2

[Event "Tata Steel 2013 - B"]
[Site "Wijk aan Zee"]
[Date "26.01.2013"]
[Round "12"]
[White "Rapport,R"]
[Black "Timman,J"]
[Result "1-0"]
[WhiteElo "2621"]
[BlackElo "2566"]
[EventDate "2013.01.12"]

1. d4 Nf6 2. c4 e6 3. Nc3 Bb4 4. Nf3 b6 5. Bg5 Bb7 6. Nd2 Nc6 7. e3 h6 8.
Bh4 g5 9. Bg3 Ne7 10. Qb3 Bxc3 11. Qxc3 Nf5 12. f3 Nxg3 13. hxg3 d6 14. Bd3
Qe7 15. Bc2 c5 16. Ba4+ Kf8 17. dxc5 bxc5 18. O-O-O Kg7 19. g4 d5 20. Nf1
Kg8 21. Ng3 h5 22. Qe5 Ne8 23. cxd5 Qf6 24. Qxf6 Nxf6 25. dxe6 fxe6 26.
Nxh5 Kf7 27. e4 Ke7 28. Kc2 Ba6 29. Kc3 Rab8 30. Bb3 Ne8 31. Ba4 Nf6 32. a3
Be2 33. Rd2 Ba6 34. Rhd1 Bb5 35. Bxb5 Rxb5 36. Nxf6 Kxf6 37. Rd8 Rh7 38.
R1d7 Rh1 39. Rd1 Rh7 40. R8d7 Rh8 41. Rxa7 Rhb8 42. Rd2 Rb3+ 43. Kc4 Rxb2
44. Rxb2 Rxb2 45. Kxc5 Rxg2 46. Rd7 1-0

[Event "Tata Steel 2013 - B"]
[Site "Wijk aan Zee"]
[Date "26.01.2013"]
[Round "12"]
[White "Movsesian,S"]
[Black "Grandelius,N"]
[Result "1/2-1/2"]
[WhiteElo "2688"]
[BlackElo "2572"]
[EventDate "2013.01.12"]

1. c4 e5 2. g3 c6 3. d4 e4 4. Nc3 d5 5. Bg2 Bb4 6. Qb3 Ba5 7. Nh3 h6 8. O-O
Nf6 9. cxd5 cxd5 10. Nf4 Bxc3 11. bxc3 O-O 12. f3 Nc6 13. fxe4 dxe4 14. e3
b6 15. Ba3 Na5 16. Qb5 Re8 17. Bb4 Bd7 18. Qa6 Bc8 19. Qb5 a6 20. Qe2 Bg4
21. Qe1 Nc4 22. a4 a5 23. Ba3 g5 24. Nh3 Bf3 25. Nf2 Bxg2 26. Kxg2 Qd7 27.
Bc1 Nd5 28. Nd1 Rac8 29. Ra2 Nd6 30. Ba3 Nc4 31. Bc1 Kg7 32. Qe2 f6 33. Kg1
Rc7 34. Qh5 Qf7 35. Qe2 Qe6 36. Qh5 Rec8 37. h4 Nd6 38. Rh2 Qf7 39. Qg4 Qd7
40. Qh5 Qe8 41. Qg4 Qd7 42. Qh5 Qe6 43. Ba3 Nc4 44. Bc1 Rc6 45. Rhf2 Qe8
46. Qg4 R8c7 47. Rh2 Qe6 48. Qh5 Nd6 49. Rhf2 Qh3 50. Rh2 Qe6 51. Rhf2 Nf7
52. Bd2 Nd6 1/2-1/2

[Event "Tata Steel 2013 - B"]
[Site "Wijk aan Zee"]
[Date "26.01.2013"]
[Round "12"]
[White "Edouard,R"]
[Black "Naiditsch,A"]
[Result "1/2-1/2"]
[WhiteElo "2686"]
[BlackElo "2708"]
[EventDate "2013.01.12"]

1. d4 Nf6 2. c4 e6 3. Nc3 Bb4 4. e3 O-O 5. Bd3 d5 6. Nf3 c5 7. O-O cxd4 8.
exd4 dxc4 9. Bxc4 b6 10. Qe2 Bb7 11. Rd1 Bxc3 12. bxc3 Qc7 13. Bd3 Nbd7 14.
c4 Rfe8 15. Bb2 Rac8 16. Rac1 Qf4 17. Qe3 Nh5 18. Be2 Qe4 19. Bd3 Qg4 20.
h3 Qf4 21. Be2 Qxe3 22. fxe3 Ng3 23. Bd3 Be4 24. Kf2 Bxd3 25. Rxd3 Ne4+ 26.
Ke2 Rc7 27. Nd2 Ndf6 28. Kf3 Nxd2+ 29. Rxd2 Rec8 30. Rdc2 b5 31. c5 Nd5 32.
Bc3 f5 33. Be1 e5 34. dxe5 Kf7 35. e4 fxe4+ 36. Kxe4 Ke6 37. Bf2 b4 38. Kd4
Rf7 39. Bg3 Nc3 40. Kc4 Ne4 41. Bh2 Nxc5 42. Kd4 Rd7+ 43. Ke3 Rdc7 44. Bg1
a5 45. Rc4 g6 46. Ke2 b3 47. Ra1 bxa2 48. Rxa2 Nb3 49. Rxc7 Rxc7 50. Ra4
Rc2+ 51. Kf3 Nd2+ 52. Kg3 Nc4 53. Bf2 Rc1 54. Kf4 h6 55. Ke4 Nd2+ 56. Kd3
Nb3 57. Ra3 Nc5+ 58. Ke2 Rc2+ 59. Kf3 Nb7 60. Bb6 Kxe5 1/2-1/2

[Event "Tata Steel 2013 - B"]
[Site "Wijk aan Zee"]
[Date "26.01.2013"]
[Round "12"]
[White "Tiviakov,S"]
[Black "Smeets,J"]
[Result "1/2-1/2"]
[WhiteElo "2655"]
[BlackElo "2615"]
[EventDate "2013.01.12"]

1. e4 e5 2. Bc4 Nf6 3. d3 c6 4. Nf3 d5 5. Bb3 Bb4+ 6. c3 Bd6 7. O-O Nbd7 8.
Re1 O-O 9. Bg5 dxe4 10. dxe4 Bc7 11. Nbd2 h6 12. Bh4 Nc5 13. Bc2 Bg4 14. h3
Bh5 15. b4 Ne6 16. Nc4 Qxd1 17. Bxd1 Nd7 18. Nfd2 Bg6 19. Nb3 b5 20. Nca5
c5 21. Nc6 c4 22. Nba5 Bxa5 23. Nxa5 Nb6 24. Bc2 f6 25. Rad1 Bf7 26. f3 Nf4
27. Bf2 Rfd8 28. Rxd8+ Rxd8 29. Be3 Rd7 30. Bxf4 exf4 31. Nc6 Rd2 32. Nd4
Be8 33. e5 Nd5 34. exf6 Ne3 35. fxg7 Bd7 36. Be4 Rxg2+ 37. Kh1 Rxg7 38. Ne2
Ng2 39. Rg1 Ne3 40. Nxf4 Rxg1+ 41. Kxg1 Nd1 42. Ne2 Bxh3 43. Bc6 Bf5 44.
Nd4 Bb1 45. Nxb5 Bxa2 46. f4 Bb3 47. Bf3 Ba4 48. Bd5+ Kg7 49. Nxa7 Nxc3 50.
Bxc4 Kf6 51. Kf2 Bd7 52. b5 Ke7 53. Ke3 Kd6 54. Kd4 Na4 55. Be2 Nb6 56. Bf3
Be8 57. Ke4 Kc5 58. Be2 Nd5 59. Ke5 Nxf4 60. Kxf4 h5 61. Kg5 Bd7 62. Kf6
Kb6 63. Ke7 Bg4 1/2-1/2

[Event "Tata Steel 2013 - B"]
[Site "Wijk aan Zee"]
[Date "27.01.2013"]
[Round "13"]
[White "Naiditsch,A"]
[Black "Ernst,S"]
[Result "*"]
[WhiteElo "2708"]
[BlackElo "2556"]
[EventDate "2013.01.12"]

1. c4 c6 2. e4 d5 3. exd5 cxd5 4. d4 Nf6 5. Nc3 e6 6. Nf3 Be7 7. cxd5 Nxd5
8. Bd3 Nc6 9. O-O Bf6 10. Be3 Nxe3 11. fxe3 O-O 12. Ne4 Be7 13. Rc1 Nb4 14.
Bb1 b6 15. Nc3 Ba6 16. Rf2 Rc8 17. Ne5 Bg5 18. Qf3 f6 19. Qh3 g6 20. Qxe6+
Kg7 21. Nf3 Bh6 22. Re1 Bc4 23. Qh3 Qd6 24. e4 Rce8 25. d5 Qc5 26. Na4 Qa5
27. b3 Bb5 28. Nc3 f5 29. Nxb5 Qxb5 30. Nd4 Qc5 31. Ne6+ Rxe6 32. dxe6 fxe4
33. Qg3 Bd2 34. e7 Rxf2 35. Qxf2 Qxf2+ 36. Kxf2 Bxe1+ 37. Kxe1 Kf7 38. Kd2
Kxe7 39. a3 Nd3 40. Bxd3 exd3 41. Kxd3 Ke6 42. Kc4 a6 43. a4 Kd6 44. b4 Ke5
45. h4 h5 46. a5 bxa5 47. bxa5 Kd6 48. Kd4 Kc6 49. Ke5 Kb5 50. Kf6 Kxa5 51.
Kxg6 Kb6 52. Kxh5 a5 53. g4 a4 54. g5 a3 55. g6 a2 56. g7 a1=Q 57. g8=Q Kc7
58. Qf7+ Kd8 59. Kg6 Qg1+ 60. Kh7 Qb1+ 61. Kg8 Qg1+ 62. Qg7 Qh2 63. Qf8+
Kd7 64. Qf7+ Kd8 65. h5 Qg3+ 66. Qg6 Qf4 67. Qf7 Qg4+ 68. Kf8 Qb4+ 69. Kg7
Qg4+ 70. Qg6 Qd7+ 71. Kf8 Qd4 72. Qg5+ Kc8 73. h6 Qb4+ 74. Kg7 Qd4+ 75. Qf6
Qd7+ 76. Kf8 Qd3 77. Qe6+ Kb8 78. Qe8+ Ka7 79. Qf7+ *